000 01200nam a2200313 i 4500
003 EG-GICUC
005 20260221110116.0
008 260116s1943 ua |||fr|||| 000 0 ara d
040 _a EG-GICUC
_bara
_c EG-GICUC
_d EG-GICUC
_erda
041 _aara
082 0 4 _221
_a343.3
_bح ك . ق
092 0 4 _221
099 _aLaw1 10 343.3 ح ك . ق 1943
110 1 _aالحكومة المصرية
_eمؤلف.
245 1 0 _aقانون تحقيق الجنايات الأهلي مع التعديلات الطارئة عليه/
_cالحكومة المصرية، وزارة الحقانية.
264 3 _aالقاهرة :
_bالمطبعة الاميرية,
_c1943.
300 _a174 صفحة؛
_c24 سم.
336 _2rda content
_atext
337 _2rda media
_aComputer
338 _2rda carrier
_aOnline Resource
546 _aالنص باللغة العربية
650 1 4 _a قانون الإجراءات الجنائية
_2qrmak
650 1 4 _aالقانون الجنائى
_2qrmak
651 1 _2qrmak
700 _aوزارة الحقانية
_eمؤلف مشارك.
856 4 0 _uhttps://fll.law.cu.edu.eg/fulltext/bks/B10-05466.pdf
905 _a54
_eYara
942 _2ddc
_cBK
_e21
_n0
999 _c57277
_d57277